[Event "AUT-ch U08 Girls"]
[Site "St Kanzian"]
[Date "2018.06.01"]
[Round "2.4"]
[White "Antenreiter, Jana"]
[Black "Stoeberl, Linda"]
[Result "0-1"]
[WhiteElo "800"]
[BlackElo "800"]
[PlyCount "70"]
[EventDate "2018.06.01"]
[EventType "swiss"]
[EventRounds "7"]
[EventCountry "AUT"]
[SourceTitle "EXT 2024"]
[Source "ChessBase"]
[SourceDate "2023.10.10"]
[SourceVersion "1"]
[SourceVersionDate "2023.10.10"]
[SourceQuality "1"]

1. e4 e5 2. Nf3 Nc6 3. Bc4 Bc5 4. Nc3 Nf6 5. d3 0-0 6. Bg5 d6 7. a3 h6 8. Bh4 Bg4 9. h3 Bxf3 10. Qd2 Bxg2 11. Rg1 Bf3 12. Bxf6 Qxf6 13. Rh1 Bxh1 14. Ke2 Qf3+ 15. Kf1 Nd4 16. Qc1 Qxh3+ 17. Ke1 b6 18. Kd2 Bg2 19. Qd1 Nf3+ 20. Kc1 Bxf2 21. Kb1 Bf1 22. Ka2 a5 23. b3 Be3 24. Qb1 Bd4 25. Na4 Bxa1 26. Kxa1 Nd2 27. Qa2 Qe3 28. Nxb6 cxb6 29. Bxf7+ Rxf7 30. b4 axb4 31. axb4 Rxa2+ 32. Kxa2 Ra7+ 33. Kb2 Qd4+ 34. Kc1 Qc3 35. Kd1 Ra1# 0-1